00373nam a2200121Ia 45000010005000000080041000050820024000461000054000702450069001242600016001939010027002099990015002361342241024s9999 xx 000 0 und d aRD/796.4/R426m/2010 aRepública Dominicana. Ministerio de Educación 0aMemoria de actividades realizadas durante el año 2010 en INEFI bINEFIc2010 a23/3/2011 5:01:26 p.m. c7925d7925